Nové výrazy (41)

Bibliographic Details
Main Author: Duchková, Silvia, 1958- (Author)
Format: Article
Language:Slovak
ISSN:0023-5202
Subjects:

MARC

LEADER 00000nab a2200000 a 4500
001 vtls000850472
003 SK-MaSNL
005 20260304105916.0
008 250429c2003 xo 0 slo
015 |a SNBRB2003/10-30621 
035 |a CLN000202127 
035 |a urn:nbn:sk:snk-ab1lf8 
035 |a (urnnbn)urn:nbn:sk:snk:ar-004e61 
035 |a (uuid)8ea34861-6c21-479d-b297-31b2d654e89a 
040 |a SNKBUCL  |b slo  |c SNKBUCL  |e AACR2 
041 0 |a slo 
044 |a xo  |c SK 
080 |a 811.162.4`373.43  |2 1997 
080 |a 811.162.4`373.45  |2 1997 
080 |a 81`373.43:811.162.4  |2 1997 
080 |a 81`373.45:811.162.4  |2 1997 
100 1 |a Duchková, Silvia,  |d 1958-  |4 aut  |9 101986 
245 1 0 |a Nové výrazy  |n (41)  |c Silvia Duchková 
650 0 7 |a slovenčina  |2 snkbucl  |9 1350 
650 0 7 |a cudzie slová  |2 snkbucl  |9 28704 
650 0 7 |a neologizmy  |2 snkbucl  |9 17678 
655 7 |a články z novín a časopisov  |2 snkbucl  |9 267496 
773 0 |t Kultúra slova  |g Roč. 37, č. 3 (2003), s. 175-178  |x 0023-5202 
850 |a Slovenská národná knižnica 
852 |a Slovenská národná knižnica 
954 |a odborná, vedecká literatúra pôvodná (slovenská)  |2 lita 
958 |a article27 
958 |a OND 
958 |a EUIPO 
992 |a RBX 
999 |c 2857649  |d 2859579